Statistiques concernant Capitales qui commencent par R

Cliquez ici pour prendre le quiz!

Statistiques générales

  • Ce quiz a été pris 196 fois
  • Le résultat moyen est 4 sur 6

Statistiques - réponses

Capitales% Correct
Rome
85%
Riga
80%
Reykjavik
73%
Riyad
66%
Rabat
64%
Roseau
39%

Distribution des résultats

Percentile par nombre de réponses

% des personnes avec chaque résultat

Votre développement - résultats

Vous n’avez pas pris ce quiz